Normal view
MARC view
- Haider, Raja Zeeshan
Entry Personal Name
001 - CONTROL NUMBER
- control field: 131714
003 - CONTROL NUMBER IDENTIFIER
- control field: NUST
005 - DATE AND TIME OF LATEST TRANSACTION
- control field: 20251106115354.0
008 - FIXED-LENGTH DATA ELEMENTS
- fixed length control field: 251106|| aca||aabn | a|a d
040 ## - CATALOGING SOURCE
- Original cataloging agency: NUST
- Transcribing agency: NUST
100 ## - HEADING--PERSONAL NAME
- Personal name: Haider, Raja Zeeshan
670 ## - SOURCE DATA FOUND
- Source citation: Work cat.: (NUST): Haider, Raja Zeeshan, Innovative Techniques for Cyber Threat Management Against Advanced Persistent Threats (APTs)/
